[Event "Hawaii GM Rapid"]
[Site "Honolulu"]
[Date "2015.03.20"]
[Round "1"]
[White "Hou, Yifan"]
[Black "Kojima, Shinya"]
[Result "1-0"]
[WhiteElo "2686"]
[BlackElo "2403"]
[Annotator "Ramirez Alvarez,A"]
[PlyCount "117"]
[EventDate "2015.03.20"]
[EventType "tourn (rapid)"]
[EventRounds "6"]
[EventCountry "USA"]
[EventCategory "14"]
[SourceTitle "CBM 165 Extra"]
[Source "ChessBase"]
[SourceDate "2015.04.21"]
[SourceVersion "1"]
[SourceVersionDate "2015.04.21"]
[SourceQuality "1"]

1. e4 c6 2. d3 d5 3. Nd2 e5 4. Ngf3 Bd6 5. d4 exd4 6. exd5 Nf6 7. dxc6 Nxc6 8.
Be2 O-O 9. O-O {Perhaps not trying to show any real preparation, Hou Yifan
uses a variation that seems rather passive against Kojima's Caro-Kann. Hou
Yifan hopes to outplayer her lower rated opponent... but the contrary happened!
} Qc7 10. Nb3 Bf5 11. h3 Rfd8 12. Bg5 Rac8 13. Bxf6 gxf6 14. Nh4 Bg6 15. Bg4
Rb8 16. Bf5 Kh8 17. a3 a5 18. Kh1 Bf8 19. Nc1 Qf4 20. g3 Qg5 21. Qf3 Ne5 22.
Qe4 Nc4 23. Bxg6 hxg6 24. Nf3 Qh5 25. Nd3 Qxh3+ 26. Kg1 Bh6 27. Rfe1 Kg7 28.
Rad1 {It is clear that everything has go wrong for White. She is down a pawn,
her king is unsafe, and she has no obvious plan of fixing her position.
However, it is always important to finish off your opponents when you can,
sometimes they simply come back from the dead if you let them.} Be3 {right
idea, wrong execution.} (28... Ne3 $1 29. fxe3 Qxg3+ 30. Kf1 dxe3 $1 {the
threat is Rxd3 followed by Qf2 mate.} 31. Re2 Re8 $1 32. Qd5 Rbd8 33. Qxb7 Re7
$1 {The queen runs out of squares from which she can defend the f3 knight.} 34.
Qxe7 Qxf3+ 35. Ke1 (35. Kg1 Rd4 $19) 35... Qh1#) 29. Qh4 $1 Qxh4 $6 30. Nxh4
Bg5 31. Nf3 Rd7 32. Re4 Rbd8 33. a4 {Black's conversion of his extra pawn is
far from trivial. Kojima was also falling low on time now, and starts to make
further mistakes.} f5 34. Re2 Bf6 35. Kg2 Nb6 36. Ra1 $5 {The start of a cool
rook lift.} Rc7 37. Nfe1 Nd5 38. Ra3 Rdd7 39. Rb3 Re7 40. Rxe7 Rxe7 41. Rb5 Nb4
42. Rxa5 Nxd3 43. Nxd3 {White recovered her pawn and is now slightly better.
The World Women's Champion (for a couple more weeks) does not forgive.} Rc7 44.
Rc5 Re7 45. Kf3 Bg5 46. Rc4 Bf6 47. b4 g5 48. a5 g4+ 49. Kg2 Re2 50. Kf1 Re7
51. Rc5 Kg6 52. Nf4+ Kg5 53. Nd5 Re5 54. Nxf6 Kxf6 55. Rxe5 Kxe5 56. b5 Kd5 57.
Ke2 Kc5 58. a6 bxa6 59. bxa6 1-0

[Event "Hawaii GM Rapid"]
[Site "Honolulu"]
[Date "2015.03.20"]
[Round "2"]
[White "Shankland, Samuel L"]
[Black "Hou, Yifan"]
[Result "1-0"]
[WhiteElo "2661"]
[BlackElo "2686"]
[PlyCount "59"]
[EventDate "2015.03.20"]
[EventType "tourn (rapid)"]
[EventRounds "6"]
[EventCountry "USA"]
[EventCategory "14"]
[SourceTitle "CBM 165 Extra"]
[Source "ChessBase"]
[SourceDate "2015.04.21"]
[SourceVersion "1"]
[SourceVersionDate "2015.04.21"]
[SourceQuality "1"]

1. d4 Nf6 2. c4 e6 3. Nf3 d5 4. Nc3 Bb4 5. cxd5 exd5 6. Bf4 c5 7. g3 Ne4 8. Rc1
Qa5 9. Bg2 Nc6 10. O-O Bxc3 11. bxc3 c4 12. Qc2 O-O 13. Nd2 Nxd2 14. Bxd2 Re8
15. e4 dxe4 16. Bxe4 Qh5 17. Rb1 Bh3 18. Rfe1 Rab8 19. Bf4 Rbd8 20. Bh1 Bf5 21.
Rxe8+ Rxe8 22. Qd1 Bg4 23. Qd2 Bf3 24. Re1 Re6 25. Bxf3 Qxf3 26. d5 Rxe1+ 27.
Qxe1 g5 28. dxc6 gxf4 29. c7 Qc6 30. Qe7 1-0

[Event "Hawaii GM Rapid"]
[Site "Honolulu"]
[Date "2015.03.20"]
[Round "3"]
[White "Hou, Yifan"]
[Black "Gareyev, Timur"]
[Result "0-1"]
[WhiteElo "2686"]
[BlackElo "2604"]
[PlyCount "98"]
[EventDate "2015.03.20"]
[EventType "tourn (rapid)"]
[EventRounds "6"]
[EventCountry "USA"]
[EventCategory "14"]
[SourceTitle "CBM 165 Extra"]
[Source "ChessBase"]
[SourceDate "2015.04.21"]
[SourceVersion "1"]
[SourceVersionDate "2015.04.21"]
[SourceQuality "1"]

1. e4 e6 2. d4 d5 3. Nc3 dxe4 4. Nxe4 Bd7 5. Nf3 Bc6 6. Bd3 Nd7 7. O-O Ngf6 8.
Ng3 Be7 9. c4 Bxf3 10. Qxf3 c5 11. Be3 O-O 12. Rfd1 cxd4 13. Bxd4 Qc7 14. Rac1
Rad8 15. Bb1 a5 16. h3 Bc5 17. Bc3 Bb4 18. b3 Bxc3 19. Qxc3 Nc5 20. a3 Rxd1+
21. Rxd1 Rd8 22. Rc1 Qf4 23. b4 Nb3 24. Re1 a4 25. Ne2 Qc7 26. Bc2 Nd2 27. c5
Nfe4 28. Qe3 f5 29. Bxe4 fxe4 30. Ng3 Rd3 31. Qe2 Qf4 32. Rd1 Rd5 33. Kh1 h6
34. Re1 Rd3 35. b5 Rxa3 36. c6 bxc6 37. bxc6 Rc3 38. Rd1 e3 39. fxe3 Qxg3 40.
Qxd2 Rxc6 41. Qd3 Qc7 42. Qe4 a3 43. Qa4 Rc1 44. Qa8+ Kf7 45. Qf3+ Ke7 46. Rxc1
Qxc1+ 47. Kh2 Qc7+ 48. Kg1 a2 49. Qd1 Qc3 0-1

[Event "Hawaii GM Rapid"]
[Site "Honolulu"]
[Date "2015.03.22"]
[Round "4"]
[White "Kojima, Shinya"]
[Black "Hou, Yifan"]
[Result "0-1"]
[WhiteElo "2403"]
[BlackElo "2686"]
[PlyCount "78"]
[EventDate "2015.03.20"]
[EventType "tourn (rapid)"]
[EventRounds "6"]
[EventCountry "USA"]
[EventCategory "14"]
[SourceTitle "CBM 165 Extra"]
[Source "ChessBase"]
[SourceDate "2015.04.21"]
[SourceVersion "1"]
[SourceVersionDate "2015.04.21"]
[SourceQuality "1"]

1. Nf3 e6 2. c4 f5 3. d4 Nf6 4. g3 b6 5. Bg2 Bb7 6. O-O Bd6 7. b3 O-O 8. Bb2 a5
9. Nc3 Na6 10. a3 Qe8 11. e3 Rb8 12. Qe2 h6 13. Rfd1 Be7 14. Ne5 Bxg2 15. Kxg2
d6 16. Nd3 c5 17. Nf4 Nc7 18. d5 e5 19. Ne6 Nxe6 20. dxe6 Qc8 21. Nd5 Qxe6 22.
Nxf6+ Bxf6 23. a4 e4 24. Rd5 Bxb2 25. Qxb2 g5 26. Qd2 Rbd8 27. Rd1 Rf6 28. Kh1
Kf8 29. Qe2 Ke7 30. Qh5 Rg8 31. Rg1 g4 32. h3 Rg5 33. Qh4 Qf7 34. hxg4 Rxg4 35.
Qh3 Rg5 36. g4 Rfg6 37. Rxf5 Qxf5 38. gxf5 Rxg1+ 39. Kh2 R6g2+ 0-1

[Event "Hawaii GM Rapid"]
[Site "Honolulu"]
[Date "2015.03.22"]
[Round "5"]
[White "Hou, Yifan"]
[Black "Shankland, Samuel L"]
[Result "1-0"]
[WhiteElo "2686"]
[BlackElo "2661"]
[Annotator "CB"]
[PlyCount "116"]
[EventDate "2015.03.20"]
[EventType "tourn (rapid)"]
[EventRounds "6"]
[EventCountry "USA"]
[EventCategory "14"]
[SourceTitle "CBM 165 Extra"]
[Source "ChessBase"]
[SourceDate "2015.04.21"]
[SourceVersion "1"]
[SourceVersionDate "2015.04.21"]
[SourceQuality "1"]

1. e4 c6 2. d4 d5 3. Nc3 dxe4 4. Nxe4 Bf5 5. Ng3 Bg6 6. h4 h6 7. Nf3 Nd7 8. h5
Bh7 9. Bd3 Bxd3 10. Qxd3 e6 11. Bd2 Ngf6 12. O-O-O Be7 13. Kb1 Rc8 14. Ne4 c5
15. g4 c4 16. Qe2 Nxe4 17. Qxe4 Qb6 18. c3 Nf6 19. Qe2 Nd5 20. Ka1 Qa5 21. Ne5
{A battle position: Black will try to break through on the queenside, but if
he doesn't his position will simply collapse. He cannot escape to the kingside
as he will get mated, and he doesn't feel safe in the center with Nxf7 threats
looming.} b5 22. Rh3 $1 {I like this move - securing the third rank stalls
Black's attack.} f6 $5 (22... b4 23. cxb4 Bxb4 24. Ra3 $1 Qb5 25. Bxb4 Qxb4 26.
Ng6 $1 {With a strong initiative.}) 23. Ng6 Rc6 {The rook on h8 is taboo. This
move threatens Ra6 and defends e6.} 24. Qe4 $1 {A beautiful resource. This
move stuffs the queen on b1, passively, but it stops Black's attack.} (24. Nxh8
Ra6 25. a3 Bxa3 {and White will not survive.}) (24. Bc1 Ra6 25. a3 {was
another way of playing.}) 24... Ra6 25. Qb1 Rg8 26. f4 Bd6 27. f5 exf5 28. gxf5
Kd7 29. b4 $2 {Too hasty. The idea is sound but it doesn't work in this
position.} Qa3 (29... cxb3 $1 30. Qxb3 Qa4 $17) 30. Bc1 Qb3 (30... Qxc3+ $5 31.
Rxc3 Nxc3 32. Qb2 Rxa2+ 33. Qxa2 Nxa2 34. Kxa2 Bxb4 {would have been a crazy
endgame.}) 31. Qxb3 cxb3 32. a3 Re8 {With Black controlling the e-file it
seems that he should have enough for his sacrificed pawn (the one he will lose
on b3). However after much maneuvering Black ended up losing the thread of the
game.} 33. Kb2 Nb6 $2 {The knight was simply stronger on d5 than it ever will
be on c4.} 34. Kxb3 Nc4 35. Rhh1 Bg3 36. Rhf1 Kc6 37. Rf3 Bd6 38. d5+ Kd7 39.
Rf2 Re4 40. Ra2 Nb6 41. Rg2 Nc4 42. Nh8 $5 Bf8 43. Rf1 Nb6 44. Ng6 Bd6 45. Nf4
Re7 46. Ne6 {Now it is clear that Black is lost.} Nxd5 47. Rd1 Rxe6 (47... Nc7
48. Nc5+) 48. fxe6+ Kxe6 49. Rxg7 Rc6 50. Rd3 Be5 51. Bd2 a6 52. Rg6 Rc4 53.
Rxh6 Rh4 54. Rh8 Nb6 55. h6 Nc4 56. Ra8 Kf5 57. Rd7 Rh2 58. h7 Ke4 1-0

[Event "Hawaii GM Rapid"]
[Site "Honolulu"]
[Date "2015.03.22"]
[Round "6"]
[White "Gareyev, Timur"]
[Black "Hou, Yifan"]
[Result "0-1"]
[WhiteElo "2604"]
[BlackElo "2686"]
[PlyCount "76"]
[EventDate "2015.03.20"]
[EventType "tourn (rapid)"]
[EventRounds "6"]
[EventCountry "USA"]
[EventCategory "14"]
[SourceTitle "CBM 165 Extra"]
[Source "ChessBase"]
[SourceDate "2015.04.21"]
[SourceVersion "1"]
[SourceVersionDate "2015.04.21"]
[SourceQuality "1"]

1. d4 Nf6 2. c4 e6 3. Nc3 Bb4 4. e3 O-O 5. Bd3 b6 6. Nge2 d5 7. cxd5 exd5 8.
O-O Bb7 9. a3 Bd6 10. Nb5 Be7 11. Ng3 Re8 12. Bd2 a6 13. Nc3 Nbd7 14. b4 g6 15.
Rb1 Rb8 16. Nce2 Nf8 17. Nf4 Bd6 18. Bc3 Ne4 19. Ba1 Ne6 20. Nxe6 Rxe6 21. Nxe4
dxe4 22. Bc4 Re8 23. d5 Be5 24. Qg4 b5 25. Bb3 Bxa1 26. Rxa1 Bxd5 27. Rfd1 c6
28. Rac1 Qc8 29. Qxc8 Rbxc8 30. Bxd5 cxd5 31. Rc5 Rxc5 32. bxc5 Rd8 33. f3 f5
34. fxe4 fxe4 35. Rd4 Kf7 36. a4 Ke6 37. axb5 axb5 38. Rb4 Rb8 0-1

[Event "FIDE World Cup"]
[Site "Baku"]
[Date "2015.09.13"]
[Round "1.4"]
[White "Leitao, Rafael Duailibe"]
[Black "Hou, Yifan"]
[Result "1/2-1/2"]
[WhiteElo "2632"]
[BlackElo "2671"]
[Annotator "Ramirez Alvarez,A"]
[PlyCount "76"]
[EventDate "2015.09.11"]
[EventType "k.o."]
[EventRounds "7"]
[EventCountry "AZE"]
[SourceTitle "CBM 169"]
[Source "ChessBase"]
[SourceDate "2015.11.10"]
[SourceVersion "1"]
[SourceVersionDate "2015.11.10"]
[SourceQuality "1"]

1. d4 Nf6 2. c4 e6 3. Nc3 Bb4 4. e3 O-O 5. Nge2 d5 6. a3 Be7 7. cxd5 exd5 8.
Nf4 c6 9. Bd3 Na6 10. O-O Nc7 11. f3 b6 12. Bd2 c5 13. Be1 Bb7 14. Qd2 c4 15.
Bc2 b5 16. e4 a5 17. e5 Nd7 18. Nce2 {After winning the first game, Hou Yifan
has to hold on the second to advance. However, her next move is risky to say
the very least.} f6 19. e6 Nb6 20. Bf5 $1 {Leitao's hold in the position is
very real. Qc2 is a huge threat. The commentators thought Yifan was done for,
but never count out anyone in this tournament!} g6 {A practical chance...} 21.
Nxg6 $6 (21. Bxg6 $1 hxg6 22. Nxg6 Kg7 23. Nef4 $1 $16 {and it's hard to find
moves for Black, even though there isn't anything immediate. A possible follow
up is Qe3 and Bd2, with strong threats.}) 21... hxg6 22. Qh6 gxf5 23. Qg6+ {
A double piece sacrifice, but Leitao needs to win. Can he bring over his
pieces?} Kh8 24. f4 {It seems that Rf3 is unstoppable and lethal, but the
Chinese does not give up.} Qe8 $1 25. Qh6+ Kg8 26. Rf3 Nxe6 $1 {Somehow the
knight comes to g5 to defend!} 27. Rg3+ Ng5 28. fxg5 fxg5 29. Bd2 Qc6 30. Qh5
g4 {Out of nowhere White's attack is starting to evaporate. Black only needs a
draw so she allows several perpetuals, though with careful play Black might
even be winning.} 31. Rf1 Qe8 32. Qh6 Rf6 33. Rxg4+ fxg4 34. Rxf6 Bxf6 35. Qxf6
Qxe2 36. Qg6+ Kh8 37. Qh6+ Kg8 38. Qg6+ Kh8 1/2-1/2

[Event "Corsica Masters KO 19th"]
[Site "Bastia"]
[Date "2015.10.18"]
[Round "1"]
[White "Hou, Yifan"]
[Black "Onischuk, Vladimir"]
[Result "0-1"]
[WhiteElo "2671"]
[BlackElo "2612"]
[PlyCount "116"]
[EventDate "2015.10.18"]
[EventType "k.o. (rapid)"]
[EventRounds "4"]
[EventCountry "FRA"]
[SourceTitle "CBM 168 Extra"]
[Source "ChessBase"]
[SourceDate "2015.10.29"]
[SourceVersion "1"]
[SourceVersionDate "2015.10.29"]
[SourceQuality "1"]

1. e4 d6 2. d4 Nf6 3. Nc3 g6 4. Be3 c6 5. Qd2 Nbd7 6. Nf3 e5 7. Bd3 Bg7 8. h3
O-O 9. O-O Re8 10. Rfd1 Qe7 11. a4 exd4 12. Bxd4 Nc5 13. Re1 Ne6 14. Be3 Nd7
15. Rad1 Ne5 16. Be2 Nxf3+ 17. Bxf3 Be5 18. g3 Qf6 19. Bg2 g5 20. Rf1 Nf4 21.
gxf4 gxf4 22. Bd4 f3 23. Qe3 fxg2 24. Kxg2 Qf4 25. Qxf4 Bxf4 26. Ne2 Bh6 27.
Ng3 Kf8 28. f4 Be6 29. b3 f5 30. exf5 Bd5+ 31. Kh2 Kf7 32. Rf2 a6 33. Bb6 Bf8
34. a5 Be4 35. c4 c5 36. Bc7 Bc6 37. Bxd6 Rad8 38. Rfd2 Bxd6 39. Rxd6 Rxd6 40.
Rxd6 Re3 41. Rh6 Rxb3 42. Nh5 Kg8 43. Rd6 Rc3 44. Nf6+ Kg7 45. Nh5+ Kf7 46. Rh6
Kg8 47. f6 Rxc4 48. Kg3 Rd4 49. Kh4 Rd7 50. Kg5 c4 51. f7+ Rxf7 52. Rd6 Kf8 53.
Rd4 Bb5 54. f5 Rd7 55. Rxd7 Bxd7 56. Nf6 Bc6 57. Ng4 c3 58. Nf2 Bb5 0-1

[Event "Corsica Masters KO 19th"]
[Site "Bastia"]
[Date "2015.10.18"]
[Round "1"]
[White "Onischuk, Vladimir"]
[Black "Hou, Yifan"]
[Result "1-0"]
[WhiteElo "2612"]
[BlackElo "2671"]
[PlyCount "71"]
[EventDate "2015.10.18"]
[EventType "k.o. (rapid)"]
[EventRounds "4"]
[EventCountry "FRA"]
[SourceTitle "CBM 168 Extra"]
[Source "ChessBase"]
[SourceDate "2015.10.29"]
[SourceVersion "1"]
[SourceVersionDate "2015.10.29"]
[SourceQuality "1"]

1. e4 c5 2. Nf3 a6 3. Nc3 e6 4. d4 cxd4 5. Nxd4 Qc7 6. Be2 b5 7. O-O Bb7 8. Bf3
d6 9. Re1 Nd7 10. g3 Ngf6 11. Bg2 Be7 12. a3 O-O 13. g4 Nb6 14. g5 Nfd7 15. f4
Rfe8 16. f5 Bf8 17. fxe6 fxe6 18. Bh3 Nc5 19. g6 hxg6 20. Qg4 Nc4 21. Nf3 Be7
22. Qxg6 Bf6 23. Ng5 Ne5 24. Qh7+ Kf8 25. Rf1 Ke7 26. Rxf6 Kxf6 27. Be3 Ke7 28.
b4 Ncd7 29. Nxe6 Nf3+ 30. Kh1 Qxc3 31. Bd4 Qxa1+ 32. Bxa1 Nfe5 33. Nxg7 Rf8 34.
Bxe5 Nxe5 35. Nf5+ Kd8 36. Qe7+ 1-0

[Event "Saint Louis Showdown Rapid 2"]
[Site "Saint Louis"]
[Date "2015.11.14"]
[Round "1"]
[White "Negi, Parimarjan"]
[Black "Hou, Yifan"]
[Result "0-1"]
[WhiteElo "2664"]
[BlackElo "2683"]
[Annotator "Ramirez Alvarez,A"]
[PlyCount "124"]
[EventDate "2015.11.14"]
[EventType "match (rapid)"]
[EventRounds "4"]
[EventCountry "USA"]
[SourceTitle "CBM 169 Extra"]
[Source "ChessBase"]
[SourceDate "2015.12.18"]
[SourceVersion "1"]
[SourceVersionDate "2015.12.18"]
[SourceQuality "1"]

1. e4 c5 2. Nf3 a6 3. c4 e6 4. Nc3 Qc7 5. Be2 b6 6. d4 cxd4 7. Nxd4 Bb7 8. O-O
Nf6 9. f3 d6 10. Be3 Be7 11. Qd2 O-O 12. Rac1 Nbd7 13. Rfd1 Rac8 14. b4 Qb8 15.
a3 Rfe8 16. Nb3 Bc6 17. Kh1 h6 18. Bf1 Ne5 19. Qf2 Bd7 20. Nb1 $6 (20. Bxb6
Nxc4 21. Bxc4 Rxc4 22. Na5 $13) 20... Ba4 21. N1d2 b5 $1 {Black has some
initiative now.} 22. c5 $6 (22. cxb5 $15) 22... dxc5 23. Bxc5 Bxc5 24. Rxc5
Nfd7 25. Rxc8 Rxc8 26. Qd4 Nb6 27. Rc1 Rd8 28. Qc3 Qd6 29. Qc5 Bxb3 30. Nxb3
Nbc4 31. Qxd6 Rxd6 {Black's knight on c4 gives her an advantage. White should
play passive with Ra1, but such a move is not always easy to play.} 32. a4 bxa4
33. Nc5 Nb2 34. Ra1 a3 35. Bxa6 (35. Rxa3 Rd1 36. Kg1 Nbc4 {followed by Nd2,
is winning for Black.}) 35... a2 36. Kg1 Rd1+ 37. Rxd1 Nxd1 38. Nb3 Kf8 39. Kf1
Ne3+ 40. Ke2 Nc2 $2 (40... Nxg2 {was cleanest, simply ripping apart the
kingside.}) 41. Kd2 Nxb4 42. Be2 (42. Bb5 $1) 42... Nec6 43. Kc3 Ke7 (43... Nc2
$1 {was a cute trick:} 44. Kxc2 Nd4+ 45. Kb2 (45. Nxd4 a1=Q) 45... Nxb3 46.
Kxa2 Nc1+ 47. Kb2 Nxe2) 44. Bb5 Kd6 45. Kb2 g5 46. g3 Ne5 47. Be2 Ned3+ 48. Kc3
$6 (48. Bxd3 Nxd3+ 49. Kc3 Ne1 {is also hopeless though.}) 48... Nc1 $1 49. Na1
Nxe2+ 50. Kxb4 Nd4 51. f4 gxf4 52. gxf4 Ne2 53. f5 e5 54. Ka3 Nc3 55. Nc2 Ke7 {
White's king is too far from the action. The rest is easy.} 56. Kb2 Nxe4 57.
Ne3 Kf6 58. Ng4+ Kxf5 59. Nxh6+ Ke6 60. Kxa2 f5 61. Kb2 Kf6 62. Kc2 Nd6 0-1

[Event "Saint Louis Showdown Rapid 2"]
[Site "Saint Louis"]
[Date "2015.11.14"]
[Round "2"]
[White "Hou, Yifan"]
[Black "Negi, Parimarjan"]
[Result "0-1"]
[WhiteElo "2683"]
[BlackElo "2664"]
[Annotator "Ramirez Alvarez,A"]
[PlyCount "52"]
[EventDate "2015.11.14"]
[EventType "match (rapid)"]
[EventRounds "4"]
[EventCountry "USA"]
[SourceTitle "CBM 169 Extra"]
[Source "ChessBase"]
[SourceDate "2015.12.18"]
[SourceVersion "1"]
[SourceVersionDate "2015.12.18"]
[SourceQuality "1"]

1. e4 c5 2. Nf3 d6 3. d4 cxd4 4. Nxd4 Nf6 5. Nc3 a6 6. Be3 e6 7. g4 {Hou Yifan
is one of the people in chess that still believes in this system for Black.
Interesting that she is playing it with white now against Negi!} e5 8. Nf5 h5
9. g5 Nxe4 10. Nxg7+ Bxg7 11. Nxe4 d5 12. Ng3 e4 13. c3 Nc6 14. Nxh5 Be5 {
White is up a pawn, but the position is extremely complex. Both sides have
strange development and Black's pawn center cannot be underestimated.} 15. f4
exf3 16. Qxf3 d4 $1 17. O-O-O Be6 18. Nf6+ Kf8 19. cxd4 (19. Bd2 $13) 19... Rc8
$1 {What a beautiful move!} 20. Kb1 (20. dxe5 Nxe5+ 21. Bc4 Nxf3 22. Rxd8+ Rxd8
$17) 20... Bxa2+ $3 21. Ka1 (21. Kxa2 Qa5+ 22. Kb1 (22. Kb3 Qb4+ 23. Ka2 Qa4+ {
dose not help}) 22... Nb4 23. Nd7+ Kg8 {and White is defenseless against the
threat of Qa2 mate.} 24. Nc5 Rxc5 25. dxc5 Qa2+ 26. Kc1 Qxb2#) 21... Nb4 (21...
Bb3 $1 {was cleaner but the move in the game is also good.}) 22. Bd2 (22. Qxb7
$1 Rb8 23. Nd7+ Kg8 24. Nxb8 Qa5 $19) 22... Qxd4 {nothing else works.} 23. Nd7+
$2 {Making things easy for Negi.} (23. Bxb4+ Qxb4 24. Nd7+ Kg8 $1 25. Nxe5 Bb3
$1 {and Black's attack wins.}) (23. Bc3 Rxc3 $1 {is mate in every line.}) 23...
Kg8 {Now Black is simply crushing in every variation.} 24. Nxe5 Nc2+ 25. Kxa2
Qa4+ 26. Qa3 Nxa3 0-1

[Event "Saint Louis Showdown Rapid 2"]
[Site "Saint Louis"]
[Date "2015.11.14"]
[Round "3"]
[White "Negi, Parimarjan"]
[Black "Hou, Yifan"]
[Result "0-1"]
[WhiteElo "2664"]
[BlackElo "2683"]
[Annotator "Ramirez Alvarez,A"]
[PlyCount "78"]
[EventDate "2015.11.14"]
[EventType "match (rapid)"]
[EventRounds "4"]
[EventCountry "USA"]
[SourceTitle "CBM 169 Extra"]
[Source "ChessBase"]
[SourceDate "2015.12.18"]
[SourceVersion "1"]
[SourceVersionDate "2015.12.18"]
[SourceQuality "1"]

1. e4 c5 2. Nf3 e6 3. d4 cxd4 4. Nxd4 Nf6 5. Nc3 d6 6. g4 h6 {The Keres
attack! A rare guest in top level chess simply because Black players consider
it to be too dangerous. Hou Yifan, however, has never cared - she has always
played it with confidence.} 7. h4 e5 8. Nf5 Be6 9. Bg2 g6 10. Ne3 Nc6 11. Ncd5
Bxd5 12. Nxd5 Nxd5 13. exd5 Ne7 14. Be3 Bg7 15. Qd2 Qd7 16. O-O-O Qxg4 $5 {
Giong for a risky pawn grab, but Parimarjan Negi replies with power and
precision.} 17. f4 $1 O-O 18. h5 Nf5 19. Bh3 Qxh5 20. Bg2 Qg4 21. Bh3 Qh5 22.
Bg2 Nh4 $6 {Too ambitious, it's possible that Hou Yifan should have gone for
the draw.} 23. f5 g5 24. Rdg1 Kh8 25. Be4 {It's very clear that despite
Black's two extra pawns, Black is suffering. Her pieces on the kingside are
weak and about to be trapped. She also has no counterplay.} Bf6 26. Bf2 Rg8 27.
Kb1 (27. Rg4 Qxg4 28. Rxh4 {is a very crazy computer line!}) 27... Rg7 28. Qe1
(28. Bd3 $1 {Harassing the queen would have been difficult to parry}) 28... a6
29. Qb4 Qe2 30. Qxd6 $1 Qxe4 31. Rxh4 (31. Bxh4 {was such a better practical
decision...} gxh4 32. Qxf6 Rag8 33. Qxh6+ Rh7 34. Rxg8+ Kxg8 35. Rg1+) 31...
gxh4 32. Qxf6 Rag8 33. Qxh6+ Rh7 34. Qf6+ Rhg7 {Now Negi has to find a unique
win, but he fails to do so} 35. Qh6+ (35. Be3 $1 Qxe3 36. Qxh4+ Rh7 37. Qf6+
Rhg7 38. Rh1+ $18) 35... Rh7 36. Qf6+ Rhg7 37. d6 Kh7 38. Re1 Qf4 (38... Rg1 $1
39. Qxf7+ R8g7 40. Qh5+ $11) 39. Rh1 $4 {A massive blunder!} (39. Qxh4+ $1 $16)
39... Rg1+ {Oops. Back rank!} 0-1

[Event "Saint Louis Showdown Rapid 2"]
[Site "Saint Louis"]
[Date "2015.11.14"]
[Round "4"]
[White "Hou, Yifan"]
[Black "Negi, Parimarjan"]
[Result "1-0"]
[WhiteElo "2683"]
[BlackElo "2664"]
[Annotator "Ramirez Alvarez,A"]
[PlyCount "77"]
[EventDate "2015.11.14"]
[EventType "match (rapid)"]
[EventRounds "4"]
[EventCountry "USA"]
[SourceTitle "CBM 169 Extra"]
[Source "ChessBase"]
[SourceDate "2015.12.18"]
[SourceVersion "1"]
[SourceVersionDate "2015.12.18"]
[SourceQuality "1"]

1. e4 c5 2. Nc3 d6 3. d4 cxd4 4. Qxd4 Nc6 5. Bb5 Bd7 6. Bxc6 Bxc6 7. Nf3 e6 8.
Bg5 Nf6 9. O-O-O Be7 10. Qd3 Qb6 $5 {An interesting alternative to the usual
10...Qa5. Qxf2 is sometimes an idea, after all.} 11. Rhf1 {Awkward, but at
least f2 is defended.} Rc8 12. Nd4 O-O 13. f4 Rfd8 (13... Rfe8 14. g4 h6 15.
Bxf6 Bxf6 {was maybe a bit better, with e5 type ideas.}) 14. g4 $1 Be8 15. Bxf6
Bxf6 16. g5 Bxd4 (16... Be7 {made a lot more sense to me, keeping the black
bishops.}) 17. Qxd4 Qxd4 18. Rxd4 Kf8 19. f5 e5 20. Rd3 Bc6 21. Rh3 Kg8 22. Rd1
b5 23. Nd5 Bxd5 24. Rxd5 Rc4 25. Re3 b4 26. b3 {Black has a weakness, White
doesn't. This is difficult position for Negi.} Rc6 27. Rb5 Rb6 28. Rxb6 axb6
29. Rd3 d5 30. Rxd5 $1 {Well calculated by Hou Yifan.} Rxd5 31. exd5 Kf8 32. f6
gxf6 33. gxf6 Ke8 34. c3 bxc3 35. Kc2 Kd7 36. Kxc3 b5 37. a4 bxa4 38. bxa4 {
Too many passed pawns!} Kd6 39. Kc4 1-0